Použitie kanonickej korelačnej analýzy pri riešení závislosti ukazovateľov veľkosti potravinárskych priemyselných podnikov SR
Kanonická korelačná analýza ako viacrozmerná štatistická metóda, ktorá sa nachádza na rozhraní medzi faktorovou analýzou a viacnásobnou regresnou a korelačnou analýzou. Ciele a použitie kanonickej korelačnej analýzy. Výsledky kanonickej korelačnej analýzy.
Guardado en:
| Autor principal: | |
|---|---|
| Formato: | Capítulo de libro |
| Lenguaje: | eslovaco |
| Materias: | |
| Etiquetas: |
Sin Etiquetas, Sea el primero en etiquetar este registro!
|
MARC
| LEADER | 00000naa$a2200000$$$4500 | ||
|---|---|---|---|
| 001 | 0039870 | ||
| 005 | 20240502071505.9 | ||
| 041 | 0 | |a slo | |
| 044 | |a SK | ||
| 245 | 1 | 0 | |a Použitie kanonickej korelačnej analýzy pri riešení závislosti ukazovateľov veľkosti potravinárskych priemyselných podnikov SR |c Mária Vojtková |
| 520 | |a Kanonická korelačná analýza ako viacrozmerná štatistická metóda, ktorá sa nachádza na rozhraní medzi faktorovou analýzou a viacnásobnou regresnou a korelačnou analýzou. Ciele a použitie kanonickej korelačnej analýzy. Výsledky kanonickej korelačnej analýzy. | ||
| 610 | 2 | 0 | |a metódy štatistické |
| 610 | 2 | 0 | |a analýza štatistická viacrozmerná |
| 610 | 2 | 0 | |a analýza korelačná |
| 610 | 2 | 0 | |a podnik priemyselný |
| 610 | 2 | 0 | |a ukazovatele štatistické |
| 610 | 2 | 0 | |a analýza faktorová |
| 610 | 2 | 0 | |a regresia |
| 100 | 1 | |a Vojtková, Mária, 1966- | |